000 00787nam a22001697a 4500
005 20251001155632.0
008 240403b ||||| |||| 00| 0 eng d
082 _aDPer 621.317 Ie21 October 2022 v. 37 n. 10
100 _aLiu, Teng.
_eauthor.
_955768
245 _aPhysical insight into hybrid-synchronization-controlled grid-forming inverters under large disturbances /
_cTeng Liu and Xiongfei Wang.
260 _aNew York ;
_bThe Institute of Electrical and Electronics Engineers, Inc. ,
_cOctober 2022.
300 _aVolume 37, pages 11475-11480 :
_billustration ;
_c28 cm.
500 _aIEEE Transactions on Power Electronics, v. 37, n. 10, pages 11475-11480, October 2022.
700 _aLiu, Teng.
_eauthor.
_955768
700 _aWang, Xiongfei.
_eauthor.
_955769
942 _2ddc
_cPER
999 _c19950
_d19950